000 00631cam a22002172 4500
001 0000023838
005 20151217152249.0
008 130403s xx 000 0 eng d
020 _a1861972781
040 _aKABU
_cKABU
100 1 _aGreene, Robert.
_@0000068143
245 1 4 _aThe 48 laws of power /
_cRobert Greene.
250 _a1st ed.
260 _aGreat Britain :
_bProfile books,
_c1998.
300 _axxiii, 452 p.
650 0 _aPower (Philosophy)
_@0000169652
650 0 _aControl (Psychology)
_@0000169653
852 1 _9p1350 KES
908 _a130403
950 _@1
999 _c10001
_d10001